| 000 | 01533nam0a2200385 4500 | ||
|---|---|---|---|
| 001 | RU\NLR\BIBL_A\012340766 | ||
| 005 | 20200928175553.0 | ||
| 010 |
_a978-5-4311-0205-9 _9100 |
||
| 021 |
_aRU _bКН-П-20-027520 _9КН-П-20-2123 |
||
| 035 | _a(NLR Aleph) 012340766 | ||
| 035 | _a(RuMoRGB)010331361 | ||
| 090 |
_a11520844 _c11520844 |
||
| 100 | _a20200921d2020 u y0rusy50 ca | ||
| 101 | 0 | _arus | |
| 102 | _aRU | ||
| 105 | _ay|||z|||000gy | ||
| 181 | 0 |
_ai _baxxe |
|
| 182 | 0 | _an | |
| 200 | 1 |
_aДни и годы _eпоэтический альбом _fСветлана Лисянская |
|
| 203 |
_aТекст _bвизуальный _cнепосредственный |
||
| 210 |
_aСанкт-Петербург _cСоюз писателей Петербурга _d2020 |
||
| 215 |
_a59 с. _d20 |
||
| 300 | _aВ аннот. авт.: Светлана Лисянская - журналист, сценарист, продюсер | ||
| 327 | 1 | _aСодерж.: циклы: Королевино одиночество; Из раннего; Канул в век, как в омут, человек; О любви; Песни; Разное о разном | |
| 686 | 1 | _aЩ319.41(2)8 | |
| 686 | 2 | _aШ6(2=Р)8-5 | |
| 686 | 2 | _aШ6(2=Р)8-53 | |
| 700 | 1 |
_aЛисянская _bС. Л. _gСветлана Леонидовна |
|
| 942 | _cBOOK | ||
| 980 | _aNBR | ||
| 980 | _aNB | ||